Biology / (Record no. 2793)

MARC details
000 -LEADER
fixed length control field 00707cam a22002412 4500
001 - CONTROL NUMBER
control field 0000004583
005 - DATE AND TIME OF LATEST TRANSACTION
control field 20151217145817.0
008 - FIXED-LENGTH DATA ELEMENTS--GENERAL INFORMATION
fixed length control field 070525s xx 000 0 eng d
020 ## - INTERNATIONAL STANDARD BOOK NUMBER
International Standard Book Number 007136005 :
Terms of availability KES 3,723
040 ## - CATALOGING SOURCE
Original cataloging agency KABU
Transcribing agency KABU
050 #0 - LIBRARY OF CONGRESS CALL NUMBER
Classification number QH308.2
Item number .B69
100 1# - MAIN ENTRY--PERSONAL NAME
Personal name Boyle, Mike.
-- 0000155217
245 10 - TITLE STATEMENT
Title Biology /
Statement of responsibility, etc. Mike Boyle, Kathryn Senior.
260 ## - PUBLICATION, DISTRIBUTION, ETC. (IMPRINT)
Place of publication, distribution, etc. London :
Name of publisher, distributor, etc. HarperCollins,
Date of publication, distribution, etc. 2002.
300 ## - PHYSICAL DESCRIPTION
Extent 716 p. :
Other physical details ill. ;
Dimensions 28 cm.
440 #0 - SERIES STATEMENT/ADDED ENTRY--TITLE
Title Collins advanced science
-- 0000155218
500 ## - GENERAL NOTE
General note Includes index.
650 #0 - SUBJECT ADDED ENTRY--TOPICAL TERM
Topical term or geographic name as entry element Biology.
-- 0000003707
700 1# - ADDED ENTRY--PERSONAL NAME
Personal name Senior, Kathryn.
-- 0000033376
908 ## - PUT COMMAND PARAMETER (RLIN)
Put command parameter 070525
950 ## - LOCAL HOLDINGS (RLIN)
-- 1
Holdings
Withdrawn status Lost status Source of classification or shelving scheme Not for loan Home library Current library Date acquired Total Checkouts Full call number Barcode Date last seen Date last checked out Price effective from Koha item type
    Library of Congress Classification   Kabarak, Main Campus Kabarak, Main Campus 17/12/2015 5 QH308.2 .B69 007417 26/10/2021 23/10/2021 17/12/2015 General Collection
Designed with assistance from East African Informatics Ltd